01009cam a22002772 45000010005000000030008000050050017000130080039000300350016000690400027000850410008001120820021001201110081001412450091002222600046003133000033003594900078003925000037004705040029005076500014005366500028005508300010005787000045005887400027006338300071006606220BD RJUL20211208234216.0090114s1961 maua b 100 0 eng aBD RJUL6260 aDLCcDLCdBD RJULbeng aeng00a513.83bCOM 19612 aConference on the Topology of Manifoldsd(1957 :cMichigan State University)00aConference on the Topology of Manifolds :b[proceedings] /cedited by John G. Hocking. aBoston :bPrindle, Weber & Schmidt,c1968 aviii, 161 p.billus.c22 cm.1 aThe Prindle, Weber & Schmidt complementary series in mathematics ;vv. 13 aOn spine: Topology of manifolds. aIncludes bibliographies. 0aTopology. 0aManifolds (Mathematics) 4vv. 131 aHocking, John G.q(John Gilbert),d1920-01aTopology of manifolds. 4aThe Prindle, Weber & Schmidt complementary series in mathematics ;